| 000 | 01001nam a2200277Ia 4500 | ||
|---|---|---|---|
| 003 | OSt | ||
| 005 | 20221005105335.0 | ||
| 006 | a|||||r|||| 00| 0 | ||
| 007 | ta | ||
| 008 | 221004b |||||||| |||| 00| 0 hin d | ||
| 020 |
_a9789351652717 (hbk) _cIndian Rupees 500 |
||
| 024 | _a70876 | ||
| 037 |
_bGift, 12/12/2021, _cTextual |
||
| 040 |
_aCRL _cCRL _bhin |
||
| 041 |
_2hin _ahin |
||
| 082 | _aO152,3M87x, Q4 | ||
| 100 |
_aशर्मा, मुल्कराज, ‘आनंद’, ले. _9160933 |
||
| 245 | 0 | _aवीर वृषल | |
| 246 | _aVīr vṛuṣhala | ||
| 260 |
_aनई दिल्ली _bडायमंड बुक्स भारत _c2014 |
||
| 300 |
_a288पृ0 _ccm. |
||
| 650 | _a हिन्दी साहित्य | ||
| 650 | _aहिन्दी कहानी | ||
| 942 |
_hO152,3M87x, Q4 _cTEXL _2cc |
||
| 999 |
_c1015524 _d1015524 |
||